Torschützenliste der La Liga 2024-2025 - Statistiken

Allgemein
  • Dieses Quiz wurde 28 mal gespielt
  • Das Durchschnittsergebnis liegt bei 5 aus 10
Antwortstatistiken
Tore Nationalität Verein Spieler % Korrekt
31 Frankreich Real Madrid Kylian Mbappé
100%
27 Polen FC Barcelona Robert Lewandowski
100%
20 Norwegen Atlético Madrid Alexander Sørloth
71%
17 Argentinien Atlético Madrid Julián Álvarez
71%
18 Brasilien FC Barcelona Raphinha
64%
21 Kroatien CA Osasuna Ante Budimir
32%
15 Spanien Athletic Bilbao Oihan Sancet
21%
19 Spanien FC Villarreal Ayoze Pérez
7%
12 Spanien Espanyol Barcelona Javi Puado
4%
13 Spanien Deportivo Alavés Kike García
4%
Keine übereinstimmenden Quizze gefunden
Verteilung der Resultate
Anzahl Personen mit jedem Resultat
Perzentil nach korrekt beantworteten Fragen
Ihre Resultats-Entwicklung
Sie haben dieses Quiz noch nicht gespielt